| 000 | 00712nam a2200241Ia 4500 | ||
|---|---|---|---|
| 003 | GCL | ||
| 008 | 140319s9999 xx 000 0 ara d | ||
| 020 | _a6405215977 | ||
| 040 |
_aGCL / _cGCL |
||
| 082 | 0 | 4 |
_a780 _bز أ |
| 100 | 1 | _aزين نصار | |
| 245 | 1 | 0 |
_aافاق الموسيقا / _cزين نصار |
| 250 | _aالاولى | ||
| 300 |
_a139 ص ؛ _c20 سم |
||
| 490 |
_aسلسلة افاق الفنون _v1 |
||
| 650 | 0 | 4 | _aالموسيقى |
| 650 | 0 | 4 | _aالاوركسترا |
| 650 | 0 | 4 | _aالاشكال الموسيقية |
| 650 | 0 | 4 | _aالموسيقى - تاريخ ونقد |
| 650 | 0 | 4 | _aالموسيقى العربية |
| 650 | 0 | 4 | _aالموسيقى الاوربية |
| 942 |
_2ddc _cBK |
||
| 999 |
_c4926 _d4926 |
||